[Event "II. CLANSKA LIGA ZAHOD 2021"]
[Site "Komenda"]
[Date "2021.11.27"]
[Round "1.1"]
[White "Sajn, Simon"]
[Black "Mlacnik, Franc"]
[Result "0-1"]
[WhiteElo "2121"]
[BlackElo "1996"]
[PlyCount "68"]
[EventDate "2021.11.27"]
[WhiteTeam "SK RIMEX ILIRSKA BISTRICA"]
[BlackTeam "SS TOMO ZUPAN KRANJ"]

1. d4 d6 2. Nf3 f5 3. g3 Nf6 4. Bg2 g6 5. O-O Bg7 6. c4 O-O 7. Nc3 c6 8. Qc2
Re8 9. Rd1 Qc7 10. d5 Na6 11. Be3 Bd7 12. Rac1 e5 13. dxe6 Bxe6 14. b3 Rad8 15.
Ng5 Bc8 16. Qd2 h6 17. Nf3 g5 18. h4 Ng4 19. Bd4 gxh4 20. Nxh4 Nc5 21. Ng6 Ne5
22. Nf4 Ne6 23. Be3 Ng4 24. Nxe6 Rxe6 25. Bf4 Qf7 26. e4 Bxc3 27. Qxc3 fxe4 28.
Qd4 Qh5 29. Re1 Rde8 30. Bxd6 e3 31. fxe3 Rxe3 32. Rxe3 Qh2+ 33. Kf1 Nxe3+ 34.
Kf2 Qxg2+ 0-1

[Event "II. CLANSKA LIGA ZAHOD 2021"]
[Site "Komenda"]
[Date "2021.11.27"]
[Round "1.2"]
[White "Markun, Ozbej"]
[Black "Raspor, Gregor"]
[Result "1/2-1/2"]
[WhiteElo "1929"]
[BlackElo "2011"]
[PlyCount "69"]
[EventDate "2021.11.27"]
[WhiteTeam "SS TOMO ZUPAN KRANJ"]
[BlackTeam "SK RIMEX ILIRSKA BISTRICA"]

1. e4 c6 2. d4 d5 3. Nc3 dxe4 4. Nxe4 Bf5 5. Ng3 Bg6 6. h4 h6 7. Nf3 Nd7 8. h5
Bh7 9. Bd3 Bxd3 10. Qxd3 e6 11. Bd2 Ngf6 12. O-O-O Be7 13. Ne4 Qb6 14. Kb1 Nxe4
15. Qxe4 Nf6 16. Qe2 c5 17. dxc5 Bxc5 18. Bc3 Bxf2 19. Rhf1 Bc5 20. Ne5 Bb4 21.
Nc4 Qc5 22. Nd6+ Kf8 23. Bxf6 gxf6 24. Rxf6 Rh7 25. Qxe6 Qxh5 26. Rdf1 Bxd6 27.
Qxd6+ Kg8 28. Qd7 b6 29. g4 Qe5 30. a3 Qe8 31. Qd6 Rd8 32. Qf4 Qd7 33. Rh1 Qd4
34. Qf3 Qe5 35. Qf1 1/2-1/2

[Event "II. CLANSKA LIGA ZAHOD 2021"]
[Site "Komenda"]
[Date "2021.11.27"]
[Round "1.3"]
[White "Solmajer, Luka"]
[Black "Orel Music, Simona"]
[Result "1/2-1/2"]
[WhiteElo "1986"]
[BlackElo "1956"]
[PlyCount "60"]
[EventDate "2021.11.27"]
[WhiteTeam "SK RIMEX ILIRSKA BISTRICA"]
[BlackTeam "SS TOMO ZUPAN KRANJ"]

1. Nf3 d5 2. d4 c6 3. c4 Nf6 4. e3 Bg4 5. Nbd2 e6 6. Bd3 Nbd7 7. Qc2 Bh5 8. b3
Be7 9. Bb2 Bg6 10. Bxg6 hxg6 11. O-O Rc8 12. e4 dxe4 13. Nxe4 Nxe4 14. Qxe4 Nf6
15. Qe2 O-O 16. Rfd1 Qa5 17. Rd3 Ba3 18. Rad1 Bxb2 19. Qxb2 Rcd8 20. b4 Qc7 21.
a4 b6 22. g3 Rfe8 23. Ne5 Nd7 24. f4 Nxe5 25. dxe5 Rxd3 26. Rxd3 Rd8 27. Qd2
Rxd3 28. Qxd3 c5 29. b5 Kf8 30. Kf2 Ke7 1/2-1/2

[Event "II. CLANSKA LIGA ZAHOD 2021"]
[Site "Komenda"]
[Date "2021.11.27"]
[Round "1.4"]
[White "Muri, Emil"]
[Black "Kekic, Urban"]
[Result "1/2-1/2"]
[WhiteElo "1765"]
[BlackElo "1703"]
[PlyCount "49"]
[EventDate "2021.11.27"]
[WhiteTeam "SS TOMO ZUPAN KRANJ"]
[BlackTeam "SK RIMEX ILIRSKA BISTRICA"]

1. e4 e5 2. d4 exd4 3. Qxd4 Nc6 4. Qe3 Bb4+ 5. Nc3 Nge7 6. Bc4 d6 7. Bd2 O-O 8.
Nge2 Ne5 9. Bb3 Be6 10. Qg3 Nc4 11. Bc1 Nb6 12. O-O Bxb3 13. axb3 f5 14. Nd4
Qd7 15. exf5 Nxf5 16. Qg4 Nxd4 17. Qxd4 Bc5 18. Qd3 d5 19. Ne2 c6 20. Bf4 Be7
21. Bg3 Bc5 22. Bf4 Be7 23. Bg3 Bc5 24. Bf4 Be7 25. Bg3 1/2-1/2

[Event "II. CLANSKA LIGA ZAHOD 2021"]
[Site "Komenda"]
[Date "2021.11.27"]
[Round "1.5"]
[White "Delost, Josko"]
[Black "Bobnar, Samo"]
[Result "0-1"]
[WhiteElo "1655"]
[BlackElo "1542"]
[PlyCount "94"]
[EventDate "2021.11.27"]
[WhiteTeam "SK RIMEX ILIRSKA BISTRICA"]
[BlackTeam "SS TOMO ZUPAN KRANJ"]

1. d4 Nf6 2. Bf4 d5 3. e3 c5 4. c3 Nc6 5. Nf3 Qb6 6. Qc1 Nh5 7. Bg3 Bf5 8. Nbd2
h6 9. Be2 Nxg3 10. hxg3 e6 11. Nh4 Bh7 12. O-O Be7 13. Nhf3 cxd4 14. exd4 O-O
15. Ne5 Nxe5 16. dxe5 Bg5 17. Kh1 Rac8 18. f4 Qe3 19. fxg5 Qxe2 20. Nf3 h5 21.
Qd2 Qxd2 22. Nxd2 d4 23. Rac1 dxc3 24. Rxc3 Rxc3 25. bxc3 Rc8 26. Rc1 Rc5 27.
Nf3 Bg6 28. Kg1 Ra5 29. c4 Rxa2 30. Nd4 Be4 31. Nf3 Kf8 32. Rc3 Re2 33. Kf1
Bxf3 34. gxf3 Rxe5 35. f4 Rc5 36. Rb3 Rc7 37. Ke2 Ke7 38. Kd3 Kd6 39. Kd4 b6
40. Rb1 Rc5 41. Ra1 Ra5 42. Rd1 Ra3 43. Ke4+ Kc7 44. f5 exf5+ 45. Kxf5 Rxg3 46.
Re1 Rf3+ 47. Ke4 Rf2 0-1

[Event "II. CLANSKA LIGA ZAHOD 2021"]
[Site "Komenda"]
[Date "2021.11.27"]
[Round "1.6"]
[White "Bobnar, Vid"]
[Black "Bradac, Simon"]
[Result "1/2-1/2"]
[WhiteElo "1835"]
[BlackElo "1576"]
[PlyCount "150"]
[EventDate "2021.11.27"]
[WhiteTeam "SS TOMO ZUPAN KRANJ"]
[BlackTeam "SK RIMEX ILIRSKA BISTRICA"]

1. e4 c6 2. d4 d5 3. exd5 cxd5 4. Nf3 Nc6 5. h3 Nf6 6. Bd3 g6 7. c3 Qc7 8. O-O
Bg7 9. Re1 O-O 10. Bg5 Bf5 11. Bxf6 Bxf6 12. Qc2 e6 13. Qe2 a6 14. Nbd2 b5 15.
Rac1 Na5 16. Bxf5 gxf5 17. Nb3 Nc4 18. Nc5 Kh8 19. Nd3 Rg8 20. Nfe5 Bg5 21. f4
Bh4 22. Rf1 Rg7 23. Nf3 Bg3 24. Nfe5 Rag8 25. Rc2 Qe7 26. Nxc4 dxc4 27. Ne1 Qh4
28. Qe5 Bxe1 29. Qxe1 Qxh3 30. Rff2 Qh4 31. Qe5 h5 32. d5 exd5 33. Qxf5 Qg4 34.
Qxd5 Re8 35. Qf3 Re1+ 36. Kh2 Qh4+ 37. Qh3 Qxh3+ 38. gxh3 Rgg1 39. Rg2 Rh1+ 40.
Kg3 Re3+ 41. Kf2 Rhxh3 42. Rd2 Rhf3+ 43. Kg1 Re1+ 44. Kh2 Rd3 45. Rdf2 h4 46.
Rg4 h3 47. Rh4+ Kg7 48. Rxh3 Rh1+ 49. Kxh1 Rxh3+ 50. Kg2 Rd3 51. Kf1 Kf6 52.
Ke2 Kf5 53. Rf3 Ke4 54. Rf2 f5 55. Rh2 Kxf4 56. Rh6 Rg3 57. Kf2 Rg7 58. Rxa6
Rh7 59. Kg2 Rd7 60. b3 Rd2+ 61. Kf1 Rd3 62. bxc4 bxc4 63. Rc6 Kf3 64. Ke1 Rxc3
65. a4 f4 66. a5 Ra3 67. Rxc4 Ke3 68. Rc1 f3 69. a6 Rxa6 70. Rc3+ Kf4 71. Rc8
Ra2 72. Rf8+ Kg3 73. Rg8+ Kh2 74. Kf1 Rb2 75. Rg7 Ra2 1/2-1/2

[Event "II. CLANSKA LIGA ZAHOD 2021"]
[Site "Komenda"]
[Date "2021.11.27"]
[Round "1.1"]
[White "Jovan, Romuald"]
[Black "Leonardi, Caterina"]
[Result "0-1"]
[WhiteElo "1899"]
[BlackElo "1994"]
[PlyCount "76"]
[EventDate "2021.11.27"]
[WhiteTeam "SD RADOVLJICA"]
[BlackTeam "SK KOMENDA"]

1. d4 Nf6 2. c4 g6 3. Nc3 d5 4. e3 Bg7 5. Nf3 O-O 6. Be2 c5 7. O-O dxc4 8. Bxc4
Bg4 9. h3 cxd4 10. exd4 Bf5 11. Re1 Nc6 12. a3 Rc8 13. d5 Na5 14. Ba2 Nc4 15.
Qe2 Nxa3 16. Nd4 Bd7 17. bxa3 Rxc3 18. Bb2 Rc8 19. Qxe7 Qb6 20. Qb4 Rc5 21.
Rac1 Rfc8 22. Rxc5 Rxc5 23. Rc1 Rxc1+ 24. Bxc1 Qc7 25. Be3 Bf8 26. Qb3 Bd6 27.
a4 a6 28. Nf3 Ne4 29. g4 Qc8 30. Qd3 f5 31. Qd4 Qc2 32. Bb3 Qxb3 33. Bh6 Qc3
34. Qb6 Bf8 35. Qd8 Qc8 36. Qxc8 Bxc8 37. Bxf8 Kxf8 38. g5 Ke7 0-1

[Event "II. CLANSKA LIGA ZAHOD 2021"]
[Site "Komenda"]
[Date "2021.11.27"]
[Round "1.2"]
[White "Kozarski, Filip"]
[Black "Prestrl, Jozef"]
[Result "1-0"]
[WhiteElo "1940"]
[BlackElo "1843"]
[PlyCount "111"]
[EventDate "2021.11.27"]
[WhiteTeam "SK KOMENDA"]
[BlackTeam "SD RADOVLJICA"]

1. e4 c6 2. c4 a6 3. Qa4 Qb6 4. Nf3 e6 5. Nc3 g6 6. d4 d6 7. b4 Bg7 8. c5 dxc5
9. bxc5 Qc7 10. g3 Ne7 11. Bf4 Qd8 12. Bg2 O-O 13. O-O Nd7 14. Qb4 b6 15. a4
bxc5 16. dxc5 e5 17. Bg5 h6 18. Be3 a5 19. Qb3 Qc7 20. Rab1 Rb8 21. Qa2 Ba6 22.
Rfd1 Rxb1 23. Qxb1 Rb8 24. Qc1 Kh7 25. Qd2 Nf8 26. Qd6 Rb7 27. h4 Nc8 28. Qxc7
Rxc7 29. Nb1 Rd7 30. Rxd7 Nxd7 31. Bh3 Nb8 32. Bd2 Bd3 33. Bxc8 Bxb1 34. Bxa5
Bd3 35. Bc7 Na6 36. Nxe5 Bxe5 37. Bxa6 Bxc7 38. Bxd3 Ba5 39. Ba6 Bb4 40. Bb7
Bxc5 41. a5 Kg7 42. Kf1 Kf6 43. f4 Ke6 44. Bxc6 f6 45. a6 Kd6 46. Be8 g5 47.
Ke2 gxh4 48. gxh4 Kc7 49. Bb5 Kb6 50. Bc4 Kc6 51. Kf3 Kb6 52. Kg4 Bf2 53. h5
Be3 54. Kf5 Bd2 55. Kxf6 Bxf4 56. e5 1-0

[Event "II. CLANSKA LIGA ZAHOD 2021"]
[Site "Komenda"]
[Date "2021.11.27"]
[Round "1.4"]
[White "Macek, Inti"]
[Black "Krivec, Metod"]
[Result "0-1"]
[WhiteElo "1174"]
[BlackElo "1760"]
[PlyCount "64"]
[EventDate "2021.11.27"]
[WhiteTeam "SK KOMENDA"]
[BlackTeam "SD RADOVLJICA"]

1. d4 g6 2. Nf3 Bg7 3. c4 d6 4. Nc3 Nc6 5. d5 Ne5 6. e4 Nxf3+ 7. Qxf3 e5 8. Bd3
Ne7 9. O-O O-O 10. Qe2 f5 11. f4 Kh8 12. fxe5 Bxe5 13. exf5 Nxf5 14. Bf4 Bg7
15. Rae1 Qf6 16. Qd2 Bd7 17. g4 Qd4+ 18. Kh1 Nh4 19. Re4 Qf6 20. Ree1 Bxg4 21.
Bg5 Bf3+ 22. Kg1 Qd4+ 23. Rf2 Qg4+ 24. Kf1 Bg2+ 25. Kg1 Bxd5+ 26. Kf1 Bg2+ 27.
Kg1 Bc6+ 28. Kf1 Rxf2+ 29. Kxf2 Rf8+ 30. Ke3 Qxg5+ 31. Ke2 Bf3+ 32. Kf2 Qxd2+
0-1

[Event "II. CLANSKA LIGA ZAHOD 2021"]
[Site "Komenda"]
[Date "2021.11.27"]
[Round "1.5"]
[White "Torkar, Boris"]
[Black "Keber, Aljosa"]
[Result "0-1"]
[WhiteElo "1802"]
[BlackElo "1160"]
[PlyCount "96"]
[EventDate "2021.11.27"]
[WhiteTeam "SD RADOVLJICA"]
[BlackTeam "SK KOMENDA"]

1. d4 Nf6 2. c4 g6 3. Nf3 Bg7 4. Bf4 d5 5. e3 O-O 6. Nc3 c6 7. Bd3 dxc4 8. Bxc4
Nbd7 9. O-O Nh5 10. Bg5 h6 11. Bh4 g5 12. Bg3 Nxg3 13. hxg3 Nb6 14. Bb3 Nd5 15.
Rc1 Bf5 16. a3 a6 17. Nb1 e6 18. Nbd2 Nf6 19. Nc4 Qc7 20. Nce5 Nd7 21. Nxd7
Qxd7 22. Qd2 Rfd8 23. Qc3 Rac8 24. Qa5 Qc7 25. Qxc7 Rxc7 26. Rc5 b6 27. Rc3 c5
28. Rfc1 Rcd7 29. Ne5 cxd4 30. exd4 Rxd4 31. Nc6 Rd2 32. Nxd8 Bxc3 33. Nxf7
Kxf7 34. bxc3 Rb2 35. Bd1 Ra2 36. a4 Be4 37. Bb3 Ra3 38. Bd1 Bc6 39. Bh5+ Ke7
40. c4 Rxa4 41. c5 b5 42. Be2 a5 43. Rd1 Ra2 44. Bd3 b4 45. Bh7 Bd5 46. Rc1 Kd7
47. Bg6 b3 48. Bd3 b2 0-1

[Event "II. CLANSKA LIGA ZAHOD 2021"]
[Site "Komenda"]
[Date "2021.11.27"]
[Round "1.6"]
[White "Babarovic, Fran"]
[Black "Blaznik, Vojko"]
[Result "0-1"]
[WhiteElo "1108"]
[BlackElo "1678"]
[PlyCount "42"]
[EventDate "2021.11.27"]
[WhiteTeam "SK KOMENDA"]
[BlackTeam "SD RADOVLJICA"]

1. e4 e5 2. Nf3 Nc6 3. Bc4 h6 4. c3 Nf6 5. d3 Bc5 6. b4 Bb6 7. b5 Na5 8. Nxe5
d5 9. exd5 O-O 10. O-O Nxd5 11. Qf3 Nxc4 12. Nxc4 Nf6 13. a4 a6 14. a5 axb5 15.
Nxb6 cxb6 16. a6 Rxa6 17. Rxa6 bxa6 18. Ba3 Re8 19. Rd1 Bg4 20. Qg3 Bxd1 21.
Bc1 Re1# 0-1

[Event "II. CLANSKA LIGA ZAHOD 2021"]
[Site "Komenda"]
[Date "2021.11.27"]
[Round "1.1"]
[White "Trussevich, Sergey"]
[Black "Rodman, Franc"]
[Result "1-0"]
[WhiteElo "2188"]
[BlackElo "2046"]
[PlyCount "124"]
[EventDate "2021.11.27"]
[WhiteTeam "SK LJUBLJANA"]
[BlackTeam "SD SIJ ACRONI JESENICE"]

1. c4 Nf6 2. Nf3 g6 3. Nc3 Bg7 4. e4 d6 5. d4 O-O 6. Be2 c5 7. h3 cxd4 8. Nxd4
Nc6 9. Be3 Bd7 10. O-O Nxd4 11. Bxd4 Bc6 12. Qd3 Nd7 13. Bxg7 Kxg7 14. b4 Nf6
15. Rad1 Qb6 16. a3 a5 17. c5 dxc5 18. b5 Be8 19. e5 Nd7 20. Nd5 Qd8 21. Qg3
Nb6 22. Nxb6 Qxb6 23. Bc4 Rd8 24. Qh4 f6 25. e6 g5 26. Qg4 Bg6 27. Rd7 Rxd7 28.
exd7 Rd8 29. Re1 e5 30. h4 h5 31. Qf3 e4 32. Qd1 Qc7 33. hxg5 Qxd7 34. gxf6+
Kxf6 35. Qc1 Qd2 36. Qa1+ Rd4 37. Bb3 Qf4 38. Qc3 b6 39. Re3 Qe5 40. Bc2 Rd6
41. Qe1 Rd4 42. Rg3 Qf4 43. Re3 h4 44. Qc3 Bf5 45. g3 hxg3 46. fxg3 Qe5 47. Kg2
Rd8 48. Qe1 Rd4 49. Qf2 Kg6 50. Qe2 Kg5 51. Bd1 Qh8 52. g4 Bg6 53. Rh3 Qd8 54.
Qe3+ Kf6 55. Qf4+ Kg7 56. Be2 Qd6 57. Qh6+ Kf7 58. Rh1 e3 59. Rf1+ Ke8 60. Qh8+
Kd7 61. Qg7+ Ke8 62. Rf6 Be4+ 1-0

[Event "II. CLANSKA LIGA ZAHOD 2021"]
[Site "Komenda"]
[Date "2021.11.27"]
[Round "1.2"]
[White "Zeleznik, Alojz"]
[Black "Lever, Erwan"]
[Result "1/2-1/2"]
[WhiteElo "2166"]
[BlackElo "2228"]
[PlyCount "57"]
[EventDate "2021.11.27"]
[WhiteTeam "SD SIJ ACRONI JESENICE"]
[BlackTeam "SK LJUBLJANA"]

1. e4 c5 2. Nf3 e6 3. d4 cxd4 4. Nxd4 Nc6 5. Nc3 Qc7 6. g3 a6 7. Bg2 Nf6 8. O-O
Nxd4 9. Qxd4 Bc5 10. Qd3 Ng4 11. Bf4 d6 12. Rad1 Ne5 13. Qe2 Bd7 14. Be3 Rc8
15. Bxc5 Qxc5 16. Qd2 Nc4 17. Qc1 Qb4 18. Rd4 O-O 19. Nd1 Qb6 20. c3 Rfd8 21.
b3 Ne5 22. Qd2 Qc7 23. h3 Bc6 24. f4 Ng6 25. Ne3 e5 26. fxe5 dxe5 27. Rxd8+
Rxd8 28. Nd5 Bxd5 29. exd5 1/2-1/2

[Event "II. CLANSKA LIGA ZAHOD 2021"]
[Site "Komenda"]
[Date "2021.11.27"]
[Round "1.3"]
[White "Trussevich, Simon"]
[Black "Jeraj, Zlatko"]
[Result "1-0"]
[WhiteElo "2138"]
[BlackElo "1994"]
[PlyCount "83"]
[EventDate "2021.11.27"]
[WhiteTeam "SK LJUBLJANA"]
[BlackTeam "SD SIJ ACRONI JESENICE"]

1. Nf3 d5 2. e3 Nf6 3. c4 c6 4. b3 g6 5. Bb2 Bg7 6. Be2 O-O 7. O-O Nbd7 8. Qc2
Nb6 9. d3 Bf5 10. Nbd2 Rc8 11. Rad1 Na8 12. Rfe1 b5 13. Bf1 Re8 14. h3 Qb6 15.
Be5 Nd7 16. Bxg7 Kxg7 17. e4 dxe4 18. dxe4 Be6 19. Qb2+ Kg8 20. Nd4 Nc7 21. Rc1
a6 22. cxb5 cxb5 23. Rc6 Qb7 24. Rec1 Nb8 25. R6c2 Bd7 26. b4 Ne6 27. N4b3 Rxc2
28. Rxc2 Rc8 29. Qc1 Rxc2 30. Qxc2 Qc8 31. Qxc8+ Bxc8 32. Na5 Nd4 33. Bd3 Be6
34. a3 Ndc6 35. Nxc6 Nxc6 36. f4 f6 37. h4 Bf7 38. Kf2 Ba2 39. Ke3 e5 40. Nf3
h6 41. g3 Be6 42. Be2 {nejasno (54)} 1-0

[Event "II. CLANSKA LIGA ZAHOD 2021"]
[Site "Komenda"]
[Date "2021.11.27"]
[Round "1.4"]
[White "Pazlar, Marko"]
[Black "Srebrnic, Vojko"]
[Result "0-1"]
[WhiteElo "2029"]
[BlackElo "2141"]
[PlyCount "78"]
[EventDate "2021.11.27"]
[WhiteTeam "SD SIJ ACRONI JESENICE"]
[BlackTeam "SK LJUBLJANA"]

1. Nf3 c5 2. c4 g6 3. g3 Bg7 4. Bg2 Nc6 5. O-O d6 6. Nc3 e5 7. d3 Nge7 8. a3
O-O 9. Rb1 Rb8 10. b4 b6 11. b5 Nd4 12. Nxd4 exd4 13. Nd5 Nxd5 14. Bxd5 Bb7 15.
e4 dxe3 16. fxe3 Bxd5 17. cxd5 f5 18. Bb2 Qe7 19. Qf3 Rbe8 20. Rfe1 Bxb2 21.
Rxb2 Qg7 22. Rc2 Re5 23. Rc4 Qd7 24. Rb1 Qb7 25. Ra4 Rf7 26. Kf2 Qxd5 27. Qxd5
Rxd5 28. d4 cxd4 29. exd4 Rc7 30. Rbb4 Kf7 31. Ra6 Ke6 32. h4 h6 33. Raa4 g5
34. hxg5 hxg5 35. g4 fxg4 36. Kg3 Kf5 37. Rc4 Rxc4 38. Rxc4 Rxb5 39. Rc7 Rb3+
0-1

[Event "II. CLANSKA LIGA ZAHOD 2021"]
[Site "Komenda"]
[Date "2021.11.27"]
[Round "1.5"]
[White "Persl, Bojan"]
[Black "Pavlin, Ivan"]
[Result "1-0"]
[WhiteElo "2073"]
[BlackElo "1821"]
[PlyCount "53"]
[EventDate "2021.11.27"]
[WhiteTeam "SK LJUBLJANA"]
[BlackTeam "SD SIJ ACRONI JESENICE"]

1. e4 c5 2. Nf3 e6 3. d4 cxd4 4. Nxd4 a6 5. Bd3 Nf6 6. O-O d6 7. Nc3 Be7 8. Kh1
O-O 9. f4 Qc7 10. Qe1 Nbd7 11. Qg3 Kh8 12. Bd2 b5 13. Rae1 Bb7 14. Qh3 Nc5 15.
e5 Nxd3 16. cxd3 dxe5 17. fxe5 Nd7 18. Nf3 Bxf3 19. Rxf3 b4 20. Ne4 Kg8 21. d4
Qc2 22. Qg4 g6 23. Bh6 Qxb2 24. Rf2 Qa3 25. Ref1 Qd3 26. h4 Rac8 27. h5 1-0

[Event "II. CLANSKA LIGA ZAHOD 2021"]
[Site "Komenda"]
[Date "2021.11.27"]
[Round "1.6"]
[White "Ravnik, Franc"]
[Black "Marinko, Peter"]
[Result "0-1"]
[WhiteElo "1831"]
[BlackElo "1825"]
[PlyCount "116"]
[EventDate "2021.11.27"]
[WhiteTeam "SD SIJ ACRONI JESENICE"]
[BlackTeam "SK LJUBLJANA"]

1. e4 e5 2. Nf3 Nc6 3. Bb5 a6 4. Ba4 Nf6 5. O-O Be7 6. d3 b5 7. Bb3 O-O 8. c3
d6 9. h3 Na5 10. Bc2 c5 11. d4 Qc7 12. d5 c4 13. Bg5 Ne8 14. Bxe7 Qxe7 15. b4
cxb3 16. axb3 Qc7 17. Qd2 Qb6 18. Kh1 f5 19. Qd1 h6 20. Nbd2 f4 21. b4 Nb7 22.
Nb3 Bd7 23. Na5 Nf6 24. Qd3 Rfc8 25. Nxb7 Qxb7 26. Ra3 Be8 27. Nh4 Rc4 28. Qe2
Bh5 29. f3 Qb6 30. Bd3 Rcc8 31. Nf5 Kh8 32. g4 Bg6 33. Nh4 Be8 34. Nf5 Bd7 35.
Nh4 a5 36. bxa5 Rxa5 37. Rb3 Qc5 38. Rfb1 Rb8 39. Ng2 Ne8 40. Qd2 Rba8 41. Ne1
Ra2 42. Nc2 R8a5 43. Qf2 Nc7 44. Qd2 Na8 45. R1b2 Nb6 46. Nb4 Ra1+ 47. Rb1 Nc4
48. Qe2 Rxb1+ 49. Rxb1 Ra3 50. Bxc4 bxc4 51. Rc1 Bb5 52. Qb2 Rb3 53. Qa2 Qe3
54. Rf1 Qxc3 55. Qa8+ Be8 56. Nc6 Qd3 57. Kg1 Qe3+ 58. Kh1 Qe2 0-1

[Event "II. CLANSKA LIGA ZAHOD 2021"]
[Site "Komenda"]
[Date "2021.11.27"]
[Round "2.1"]
[White "Leonardi, Caterina"]
[Black "Trussevich, Sergey"]
[Result "0-1"]
[WhiteElo "1994"]
[BlackElo "2188"]
[PlyCount "90"]
[EventDate "2021.11.27"]
[WhiteTeam "SK KOMENDA"]
[BlackTeam "SK LJUBLJANA"]

1. c4 c5 2. Nf3 e6 3. g3 b6 4. Bg2 Bb7 5. O-O Nf6 6. Nc3 Be7 7. d4 cxd4 8. Nb5
a6 9. Nbxd4 O-O 10. b3 Qc7 11. Bb2 d6 12. Rc1 Nbd7 13. b4 Rac8 14. Bh3 Rfe8 15.
Ng5 Nf8 16. f3 Bd8 17. Qd3 h6 18. Ne4 Nxe4 19. fxe4 Bg5 20. e3 Nd7 21. Nf3 Bf6
22. Bd4 Red8 23. Nd2 Ne5 24. Qe2 Bg5 25. a3 Rd7 26. Rc3 Nc6 27. Rfc1 Nxd4 28.
exd4 Bxd2 29. Qxd2 Bxe4 30. d5 Re7 31. dxe6 fxe6 32. Re1 d5 33. cxd5 Qxc3 34.
Qxc3 Rxc3 35. Rxe4 Rd3 36. Bxe6+ Kf8 37. Rf4+ Ke8 38. Rc4 Rb7 39. a4 b5 40.
axb5 axb5 41. Rc5 Rd2 42. Bh3 Ra7 43. Bf1 Rd1 44. Rxb5 Raa1 45. Rb8+ Kf7 0-1

[Event "II. CLANSKA LIGA ZAHOD 2021"]
[Site "Komenda"]
[Date "2021.11.27"]
[Round "2.2"]
[White "Lever, Erwan"]
[Black "Kozarski, Filip"]
[Result "1-0"]
[WhiteElo "2228"]
[BlackElo "1940"]
[PlyCount "83"]
[EventDate "2021.11.27"]
[WhiteTeam "SK LJUBLJANA"]
[BlackTeam "SK KOMENDA"]

1. d4 Nf6 2. c4 c6 3. Nf3 d5 4. Qc2 dxc4 5. Qxc4 b5 6. Qc2 Bb7 7. Bf4 e6 8. e3
Nd5 9. Bg3 Nd7 10. Be2 a6 11. a4 Qa5+ 12. Nbd2 c5 13. O-O Qb6 14. axb5 axb5 15.
Rxa8+ Bxa8 16. Ra1 Bc6 17. dxc5 Bxc5 18. Nb3 Nb4 19. Qc3 Be7 20. Qxg7 Bf6 21.
Qg4 Nc2 22. Rc1 Nxe3 23. fxe3 Qxe3+ 24. Kf1 Bb7 25. Qb4 Be7 26. Qc3 Qxc3 27.
Rxc3 b4 28. Rc7 Bd5 29. Nbd4 Nb6 30. Nc6 Bf6 31. Be5 Bxe5 32. Nfxe5 O-O 33.
Nxb4 Be4 34. Bd3 f5 35. Bxe4 fxe4+ 36. Ke2 Nd5 37. Nxd5 exd5 38. Ke3 Rb8 39.
Rc2 Kg7 40. Kd4 Rb5 41. Ng4 Kg6 42. Ne3 1-0

[Event "II. CLANSKA LIGA ZAHOD 2021"]
[Site "Komenda"]
[Date "2021.11.27"]
[Round "2.3"]
[White "Macek, Inti"]
[Black "Trussevich, Simon"]
[Result "0-1"]
[WhiteElo "1174"]
[BlackElo "2138"]
[PlyCount "92"]
[EventDate "2021.11.27"]
[WhiteTeam "SK KOMENDA"]
[BlackTeam "SK LJUBLJANA"]

1. d4 Nf6 2. Nf3 e6 3. c4 Bb4+ 4. Bd2 Qe7 5. Nc3 c5 6. e3 Bxc3 7. Bxc3 Ne4 8.
Bd3 Nxc3 9. bxc3 Nc6 10. O-O b6 11. d5 Na5 12. e4 e5 13. Nd2 d6 14. f4 exf4 15.
Rxf4 O-O 16. Qh5 g6 17. Qh6 Qe5 18. Rh4 Qg7 19. Qxg7+ Kxg7 20. Rf4 Ba6 21. Raf1
f6 22. h3 Rae8 23. g4 Rb8 24. a4 Rbe8 25. h4 Bc8 26. g5 fxg5 27. hxg5 Rxf4 28.
Rxf4 Rf8 29. Rxf8 Kxf8 30. Kf2 Kg7 31. Kg3 h6 32. Kf4 hxg5+ 33. Kxg5 Ba6 34.
Be2 Bc8 35. Bd3 Bd7 36. Bc2 Nb7 37. Nf3 Nd8 38. e5 Nf7+ 39. Kf4 g5+ 40. Nxg5
dxe5+ 41. Ke4 Nxg5+ 42. Kxe5 Nf7+ 43. Kf4 Kf6 44. Bd1 Ne5 45. Bb3 Bh3 46. Kg3
Bf1 0-1

[Event "II. CLANSKA LIGA ZAHOD 2021"]
[Site "Komenda"]
[Date "2021.11.27"]
[Round "2.4"]
[White "Srebrnic, Vojko"]
[Black "Keber, Aljosa"]
[Result "1-0"]
[WhiteElo "2141"]
[BlackElo "1160"]
[PlyCount "91"]
[EventDate "2021.11.27"]
[WhiteTeam "SK LJUBLJANA"]
[BlackTeam "SK KOMENDA"]

1. e4 c5 2. Nc3 Nc6 3. Bb5 g6 4. f4 Bg7 5. Nf3 e6 6. O-O Nge7 7. d3 a6 8. Bxc6
Nxc6 9. f5 Qb6 10. Na4 Qa7 11. Be3 d6 12. fxe6 Bxe6 13. Ng5 b5 14. Nc3 O-O-O
15. a3 Bd4 16. Bxd4 Nxd4 17. Nxe6 fxe6 18. Ne2 Nxe2+ 19. Qxe2 Qg7 20. c3 Rhf8
21. a4 Rxf1+ 22. Qxf1 Rf8 23. Qe2 Kb7 24. axb5 axb5 25. d4 Kb6 26. e5 c4 27.
exd6 Qd7 28. d5 Qxd6 29. Qe3+ Kc7 30. dxe6 Qb6 31. Qxb6+ Kxb6 32. Re1 Kc6 33.
e7 Re8 34. Re5 b4 35. cxb4 Kd6 36. Re4 Kd5 37. Re3 Kd6 38. Kf2 Kd7 39. Re4 Kd6
40. Ke3 Kd5 41. g3 g5 42. g4 Kd6 43. Kd4 Rxe7 44. Rxe7 Kxe7 45. Kxc4 Kd7 46.
Kd5 1-0

[Event "II. CLANSKA LIGA ZAHOD 2021"]
[Site "Komenda"]
[Date "2021.11.27"]
[Round "2.5"]
[White "Babarovic, Fran"]
[Black "Persl, Bojan"]
[Result "0-1"]
[WhiteElo "1108"]
[BlackElo "2073"]
[PlyCount "53"]
[EventDate "2021.11.27"]
[WhiteTeam "SK KOMENDA"]
[BlackTeam "SK LJUBLJANA"]

1. e4 c5 2. Nc3 d6 3. g3 Nc6 4. Bg2 g6 5. d3 Bg7 6. Be3 Nf6 7. Qd2 Ng4 8. Nge2
Nxe3 9. Qxe3 Nd4 10. Qd2 O-O 11. O-O Rb8 12. Rab1 b5 13. Nd1 Nxe2+ 14. Qxe2 Be6
15. b3 Qa5 16. c3 Bxc3 17. Nxc3 Qxc3 18. Rfc1 Qd4 19. Kh1 a5 20. f4 a4 21. bxa4
bxa4 22. Qc2 a3 23. Rxb8 Rxb8 24. Rb1 Rb2 25. Qc1 Qf2 26. Qf1 Qxg2+ 27. Qxg2
0-1

[Event "II. CLANSKA LIGA ZAHOD 2021"]
[Site "Komenda"]
[Date "2021.11.27"]
[Round "2.6"]
[White "Marinko, Peter"]
[Black "Kern, Anze"]
[Result "1-0"]
[WhiteElo "1825"]
[BlackElo "1500"]
[PlyCount "53"]
[EventDate "2021.11.27"]
[WhiteTeam "SK LJUBLJANA"]
[BlackTeam "SK KOMENDA"]

1. d4 d5 2. c4 Nf6 3. cxd5 Qxd5 4. Nc3 Qd8 5. e4 e5 6. d5 Bb4 7. Qa4+ Bd7 8.
Qxb4 Na6 9. Qa3 c6 10. Bg5 h6 11. Bh4 g5 12. Bg3 cxd5 13. Bxa6 bxa6 14. Bxe5
Bb5 15. exd5 Rg8 16. Nge2 Nxd5 17. Nxb5 axb5 18. O-O Rc8 19. Nc3 b4 20. Qa4+
Kf8 21. Nxd5 Qxd5 22. Qxb4+ Qc5 23. Bd6+ Qxd6 24. Qxd6+ Kg7 25. Rfd1 Rc2 26.
Rac1 Rxb2 27. Qd4+ 1-0

[Event "II. CLANSKA LIGA ZAHOD 2021"]
[Site "Komenda"]
[Date "2021.11.27"]
[Round "2.1"]
[White "Mlacnik, Franc"]
[Black "Prestrl, Jozef"]
[Result "1/2-1/2"]
[WhiteElo "1996"]
[BlackElo "1843"]
[PlyCount "60"]
[EventDate "2021.11.27"]
[WhiteTeam "SS TOMO ZUPAN KRANJ"]
[BlackTeam "SD RADOVLJICA"]

1. d4 d5 2. Nf3 g6 3. c4 c6 4. Nc3 Nf6 5. e3 Bg7 6. Be2 O-O 7. O-O Bg4 8. Ne5
Bxe2 9. Qxe2 Nbd7 10. f4 e6 11. b3 a6 12. Bb2 Rc8 13. Rad1 Qe7 14. e4 dxe4 15.
Nxe4 Nxe4 16. Qxe4 Nf6 17. Qf3 Rfd8 18. Rfe1 Qc7 19. Re2 Nd7 20. g4 Nf6 21. f5
exf5 22. gxf5 Nh5 23. Rf1 Rf8 24. Ng4 f6 25. Rfe1 Qf4 26. Rf2 Qxf3 27. Rxf3
Rcd8 28. Re6 Rde8 29. Rxe8 Rxe8 30. Rf1 Re4 1/2-1/2

[Event "II. CLANSKA LIGA ZAHOD 2021"]
[Site "Komenda"]
[Date "2021.11.27"]
[Round "2.2"]
[White "Simnic, Franci"]
[Black "Markun, Ozbej"]
[Result "0-1"]
[WhiteElo "1712"]
[BlackElo "1929"]
[PlyCount "83"]
[EventDate "2021.11.27"]
[WhiteTeam "SD RADOVLJICA"]
[BlackTeam "SS TOMO ZUPAN KRANJ"]

1. b4 d5 2. Nf3 e6 3. Bb2 Nf6 4. a3 Be7 5. g4 O-O 6. g5 Nfd7 7. h4 c5 8. b5 Qc7
9. Nc3 b6 10. d4 Bb7 11. dxc5 bxc5 12. e3 Ne5 13. Nd2 Ned7 14. Rh3 a6 15. Bd3
Ne5 16. Bf1 Ned7 17. Qg4 Ne5 18. Qg3 Bd6 19. f4 Ned7 20. a4 d4 21. Ne2 axb5 22.
exd4 cxd4 23. Bxd4 Rxa4 24. Rc1 Nc6 25. Be3 Ba3 26. Rb1 Nb4 27. Nd4 Nxc2+ 28.
Nxc2 Qxc2 29. Bxb5 Bb4 30. Rxb4 Rxb4 31. Bxd7 Rd8 32. f5 Rxd7 33. Qb8+ Qc8 34.
Qxc8+ Bxc8 35. f6 Ba6 36. Bc5 Ra4 37. Rb3 Ra1+ 38. Nb1 Rb7 39. Bb4 Bc4 40. Rb2
Bd3 41. Rd2 Rxb1+ 42. Kf2 0-1